Objective Indian Polity: (Record no. 183438)

MARC details
000 -LEADER
fixed length control field 00674 a2200193 4500
005 - DATE AND TIME OF LATEST TRANSACTION
control field 20211227095310.0
010 ## - LCCN (DPL NO)
LC control number ENG-130619
020 ## - INTERNATIONAL STANDARD BOOK NUMBER
International Standard Book Number 978-93-5460-144-6
Terms of availability 475.00
035 ## - SYSTEM CONTROL NUMBER
System control number EN-114153
037 ## - SOURCE OF ACQUISITION
Source of stock number/acquisition DBAD/PUB
082 ## - DEWEY DECIMAL CLASSIFICATION NUMBER
Classification number 320.954
Edition number 2th,Ed.
100 ## - MAIN ENTRY--PERSONAL NAME
Personal name Laxmikanth, M
245 ## - TITLE STATEMENT
Title Objective Indian Polity:
Remainder of title For Civil Services Preliminary Examination/
Statement of responsibility, etc M Laxmikanth
250 ## - EDITION STATEMENT
Edition statement 2Nd
260 ## - PUBLICATION, DISTRIBUTION, ETC. (IMPRINT)
Name of publisher, distributor, etc McGraw Hill Education Private Limted
Place of publication, distribution, etc Chennai
Date of publication, distribution, etc 2022
270 ## - ADDRESS
Address Anjana Complex No: 5/90 A, Butt Road, St. Thomas Mount, Chennai
City Chennai
Postal code 600016
300 ## - PHYSICAL DESCRIPTION
Extent vii-xvii, 416p.
Dimensions 24cm (pbk)
942 ## - ADDED ENTRY ELEMENTS (KOHA)
Institution code [OBSOLETE] dpl
Item type English Books
Source of classification or shelving scheme Dewey Decimal Classification
Classification part 320.954
Call number suffix LAX
Edition 2Nd, Ed.
Holdings
Withdrawn status Lost status Not for loan Collection code Home library Current library Date acquired Source of acquisition Cost, normal purchase price Full call number Barcode Copy number Cost, replacement price Koha item type
      Non-fiction Sarojini Nagar Sarojini Nagar 24/12/2021 DBAD/PUB 475.00 320.954 LAX EN-114153 1 475.00 English Books

© Delhi Public Library
Hit Counter
free hit counter